000 00494nam a2200181Ia 4500
008 090124s9999 xx 000 0 und d
082 _b6291
100 _aरांजणकर यशवंत
245 _a क्ष
250 _a1
260 _bत्रिदल प्रकाशन
_c1970
300 _a110
600 _aरांजणकर यशवंत
630 _a क्ष
700 _aरांजणकर यशवंत
730 _a क्ष
942 _cBOOK
999 _c84249
_d84249